Statistics for Ariana Grande Top 20 Billboard Hits

Click here to take the quiz!

General Stats

  • This quiz has been taken 50 times
  • The average score is 9 of 11

Answer Stats

HintAnswer% Correct
W/ Nicki Mina’s & Jessie JBang Bang
95%
W/ Lady GagaRain On Me
95%
PositionsPositions
91%
W/ Iggy AzaleaProblem
91%
thank u, nextthank u, next
84%
SweetenerNo tears left to cry
81%
Santa Tell MeSanta Tell Me
79%
W/ Justin BieberStuck with u
79%
SweetenerBreathin
77%
W/ John LegendBeauty and The Beast
74%
My EverythingBreak Free
67%

Score Distribution

Percentile by Number Answered

Percent of People with Each Score

Your Score History

You have not taken this quiz